00458cam a2200145 4500020001500000040000800015082002600023245005100049250002600100300002400126500010700150650001500257650001500272700002500287 a0688002285 cDLC00a803 MUJ 1996 C151 Or.10aCassell's encyclopaedia of world literature. / aRevised and enlarged. a3 volumes ;c25 cm. aFirst published in 1953 under title: Cassell's encyclopaedia of literature, edited by S. H. Steinberg. 0aLiterature 0aLiterature1 aBuchanan-Brown, John